[Event "Euro Online U2300 Day 1"]
[Site "chess.com INT"]
[Date "2020.05.25"]
[Round "7"]
[White "Strejczek, Dariusz"]
[Black "Nur-Mukhametova, Alisa"]
[Result "1-0"]
[WhiteElo "2149"]
[BlackElo "2262"]
[WhiteFideId "1122142"]
[BlackFideId "54117739"]
[EventDate "2020.05.25"]

1. e4 c5 2. Nf3 e6 3. d4 cxd4 4. Nxd4 Nf6 5. Nc3 d6 6. Be2 Be7 7. O-O O-O 8. Be3
Nc6 9. f4 a6 10. Bf3 Qc7 11. g4 Nd7 12. Qe1 Nxd4 13. Bxd4 b5 14. a3 Bb7 15. Qg3
e5 16. Be3 exf4 17. Bxf4 Ne5 18. Bxe5 dxe5 19. Nd5 Bxd5 20. exd5 Rad8 21. Be4 g6
22. Rf3 Bg5 23. Rc3 Qb6+ 24. Kh1 Bf4 25. Qg2 Rd6 26. Rf1 Kh8 27. g5 Qd8 28. h4
f5 29. gxf6 Qxf6 30. Qg4 Qe7 31. Rh3 h5 32. Qe2 Qd7 33. Qd3 Rc8 34. Rff3 Qg4 35.
b3 Rg8 36. c4 bxc4 37. bxc4 g5 38. Bf5 Qxh3+ 39. Bxh3 g4 40. Rxf4 exf4 41. Qd4+
Rg7 42. Qxf4 Rdd7 43. Qf8+ Kh7 44. Bf1 Rdf7 45. Bd3+ Kh6 46. Qh8+ Rh7 47. Bxh7 1-0

[Event "Euro Online U2300 Day 1"]
[Site "chess.com INT"]
[Date "2020.05.25"]
[Round "7"]
[White "Karacsonyi, Gellert"]
[Black "Gitu, Paula-Alexandra"]
[Result "1-0"]
[WhiteTitle "FM"]
[BlackTitle "WFM"]
[WhiteElo "2292"]
[BlackElo "2113"]
[WhiteFideId "764620"]
[BlackFideId "13904620"]
[EventDate "2020.05.25"]

1. e4 d6 2. d4 Nf6 3. Nc3 e5 4. Nf3 Nbd7 5. Bc4 Be7 6. O-O O-O 7. Re1 c6 8. a4
b6 9. h3 Bb7 10. Bg5 Qc7 11. Bb3 a6 12. Qd2 b5 13. Rad1 Rad8 14. Qc1 Rfe8 15.
Qa1 b4 16. dxe5 dxe5 17. Nb1 c5 18. Qa2 Rf8 19. Nbd2 a5 20. Bxf6 Nxf6 21. Ng5
Bd6 22. Nc4 h6 23. Nxf7 Rxf7 24. Nxd6 Rxd6 25. Bxf7+ Kf8 26. Bg6 Rxd1 27. Rxd1
c4 28. Qb1 Bxe4 29. Bxe4 Nxe4 30. Qc1 c3 31. Qe3 Nd2 32. bxc3 bxc3 33. Re1 e4
34. f3 Qe5 35. fxe4 Nc4 36. Qd3 Qc5+ 37. Kh1 Ne5 38. Qd8+ Kf7 39. Qd5+ 1-0

[Event "Euro Online U2300 Day 1"]
[Site "chess.com INT"]
[Date "2020.05.25"]
[Round "7"]
[White "Spyropoulos, Nikolaos"]
[Black "Godzwon, Iwo"]
[Result "0-1"]
[WhiteTitle "FM"]
[BlackTitle "FM"]
[WhiteElo "2403"]
[BlackElo "2347"]
[WhiteFideId "4298977"]
[BlackFideId "21802483"]
[EventDate "2020.05.25"]

1. e4 c5 2. Nf3 e6 3. d4 cxd4 4. Nxd4 Nc6 5. Nc3 a6 6. Nxc6 bxc6 7. Bd3 d5 8.
O-O Nf6 9. Qe2 Be7 10. Bd2 O-O 11. Rae1 Bb7 12. f4 dxe4 13. Nxe4 c5 14. Bc3 c4
15. Nxf6+ Bxf6 16. Bxc4 Bxc3 17. bxc3 g6 18. Rb1 Qc7 19. Bd3 Rfc8 20. c4 a5 21.
Qe5 Ba6 22. Qxc7 Rxc7 23. Rb3 Bxc4 24. Rc3 Rac8 25. Ra3 Bxd3 26. cxd3 Rc3 27.
Rxa5 Rxd3 28. g3 Rd2 29. Rf2 Rxf2 30. Kxf2 Rc2+ 31. Kg1 h5 32. h3 Kg7 33. Ra4
Kf6 34. Kh1 g5 35. Ra5 gxf4 36. gxf4 h4 37. f5 e5 38. Ra7 Rf2 39. a4 Rxf5 40. a5
Rf2 41. a6 Ra2 42. Kg1 Ke6 43. Ra8 Kf5 44. a7 Ke4 45. Kf1 f5 46. Ke1 f4 47. Kf1
Kf3 48. Kg1 e4 49. Kh1 e3 50. Kg1 e2 0-1

[Event "Euro Online U2300 Day 1"]
[Site "chess.com INT"]
[Date "2020.05.25"]
[Round "7"]
[White "Kopylov, Artem"]
[Black "Bluebaum, Johanna"]
[Result "1-0"]
[WhiteElo "2107"]
[BlackElo "2011"]
[WhiteFideId "44139365"]
[BlackFideId "24647373"]
[EventDate "2020.05.25"]

1. Nf3 d5 2. d4 e6 3. c4 Nf6 4. Nc3 Bb4 5. cxd5 exd5 6. Bg5 h6 7. Bxf6 Qxf6 8.
Qb3 c5 9. dxc5 Nc6 10. e3 Be6 11. Bb5 O-O 12. Bxc6 Bxc3+ 13. Qxc3 Qxc3+ 14. bxc3
bxc6 15. Nd4 Bd7 16. Kd2 Rab8 17. Rab1 Rfe8 18. Kc2 Kf8 19. Rb3 Rxb3 20. axb3
Rc8 21. Ra1 Rc7 22. b4 Ke7 23. Kb3 Kf6 24. b5 cxb5 25. c6 Be6 26. Kb4 Ke5 27.
Kc5 Bd7 28. Kxb5 Be8 29. Kc5 f5 30. Rb1 g5 31. Rb7 Rc8 32. Re7+ Kf6 33. Rxa7 f4
34. Kxd5 fxe3 35. fxe3 Bf7+ 36. Kd6 Bg6 37. c7 Re8 38. Rb7 Bf5 39. Nxf5 Kxf5 40.
Rb5+ Ke4 41. Kd7 Rh8 42. c8=Q Rxc8 43. Kxc8 Kxe3 44. Rf5 1-0

[Event "Euro Online U2300 Day 1"]
[Site "chess.com INT"]
[Date "2020.05.25"]
[Round "7"]
[White "Afanasiev, Dmitry2"]
[Black "Sivan, Yaacov"]
[Result "0-1"]
[BlackTitle "IM"]
[WhiteElo "2175"]
[BlackElo "2312"]
[WhiteFideId "4131347"]
[BlackFideId "2800730"]
[EventDate "2020.05.25"]

1. c4 e5 2. Nc3 Bb4 3. g3 Bxc3 4. dxc3 Nc6 5. Bg2 d6 6. e4 Nf6 7. Qe2 O-O 8. Nf3
h6 9. Nd2 Be6 10. Nf1 a5 11. a4 Nb8 12. Ne3 Nbd7 13. O-O Nc5 14. Qc2 Qd7 15. Nd5
Ne8 16. Be3 Bh3 17. Rfd1 Bxg2 18. Kxg2 Qe6 19. Bxc5 dxc5 20. Qb3 b6 21. Rd2 Kh8
22. Rad1 Rc8 23. Ne3 Nd6 24. f3 g6 25. Nd5 Ne8 26. Qc2 Ng7 27. Qd3 f5 28. Qe3
Kh7 29. Qe2 Rf7 30. exf5 Nxf5 31. Ne3 Nd6 32. Ng4 Nxc4 33. Rd8 Rxd8 34. Rxd8 h5
35. Nf2 Nd6 36. h4 Qf6 37. Ra8 Re7 38. Nh3 Nf7 39. Qe4 Qf5 40. Qb7 e4 41. Nf4
exf3+ 42. Qxf3 Qc2+ 43. Qf2 Qxa4 44. Rf8 Qe4+ 45. Kh3 Kg7 46. Ra8 Qxa8 47. g4
Qc8 48. Kh2 Qxg4 49. c4 Ne5 50. b4 Nf3+ 51. Kh1 Qxf4 52. b5 Re1+ 53. Qxe1 Nxe1
54. Kg1 Nf3+ 55. Kf2 a4 56. Ke2 a3 57. Kd3 a2 58. Kc2 a1=Q 59. Kb3 Qe3+ 60. Kc2
Qec3# 0-1

[Event "Euro Online U2300 Day 1"]
[Site "chess.com INT"]
[Date "2020.05.25"]
[Round "7"]
[White "Toure, Vasanth"]
[Black "Mesnyankin, Nikita"]
[Result "0-1"]
[WhiteElo "2132"]
[BlackElo "2176"]
[WhiteFideId "26014580"]
[BlackFideId "24175935"]
[EventDate "2020.05.25"]

1. e4 e5 2. Nf3 Nc6 3. Bc4 Bc5 4. c3 Nf6 5. d3 O-O 6. Bb3 d5 7. Qe2 dxe4 8. dxe4
Qe7 9. O-O a6 10. h3 Nh5 11. Kh2 Be6 12. Nxe5 Nxe5 13. Qxh5 Nd3 14. Qe2 Rad8 15.
Nd2 Nxc1 16. Raxc1 Qd6+ 17. g3 Qxd2 18. Rc2 Qxe2 19. Rxe2 Bxb3 20. axb3 Rfe8 21.
Rfe1 Rd3 22. Kg2 f6 23. Ra1 Red8 24. Rae1 Rd2 25. Kf3 R8d3+ 26. Kg2 Rxe2 27.
Rxe2 Kf7 28. Rc2 Ke6 29. Kf1 h5 30. Ke2 Rd7 31. Rc1 Rd8 32. h4 g5 33. Rh1 g4 34.
Ra1 Bb6 35. Ra4 Ke5 36. Rc4 Rd6 37. Ra4 Ba7 38. Rc4 c5 39. Ra4 b5 40. Ra1 Kxe4
41. c4 bxc4 42. Ra4 Rb6 43. Rxc4+ Kd5 44. Rc3 Re6+ 45. Kd2 Bb6 46. Rd3+ Kc6 47.
Kc2 Re2+ 48. Rd2 Rxd2+ 49. Kxd2 Kb5 50. Ke3 Kb4 51. Kf4 Kxb3 52. Kf5 Kxb2 53.
Kxf6 c4 54. Kg5 c3 55. Kxh5 c2 56. Kxg4 c1=Q 57. Kh5 Bxf2 58. g4 Bxh4 59. Kg6
Qg5+ 60. Kh7 Bg3 61. Kh8 Be5+ 62. Kh7 Qg7# 0-1

[Event "Euro Online U2300 Day 1"]
[Site "chess.com INT"]
[Date "2020.05.25"]
[Round "7"]
[White "Rajkovic, Dusan"]
[Black "Aizenberg, Benny"]
[Result "1-0"]
[WhiteTitle "GM"]
[WhiteElo "2267"]
[BlackElo "2152"]
[WhiteFideId "900265"]
[BlackFideId "2821125"]
[EventDate "2020.05.25"]

1. d4 Nf6 2. c4 g6 3. Nc3 d5 4. Nf3 Bg7 5. Bg5 Ne4 6. cxd5 Nxg5 7. Nxg5 O-O 8.
Nf3 c6 9. e3 cxd5 10. Qb3 Nc6 11. Qxd5 Qb6 12. Qb5 Bf5 13. Rc1 Rac8 14. Qxb6
axb6 15. Bb5 Nb4 16. Ke2 Rfd8 17. a3 Nc6 18. h3 Na5 19. g4 Be6 20. Nd2 Nb3 21.
Nxb3 Bxb3 22. f4 f5 23. Bd3 e6 24. Rhg1 Kf7 25. Kf2 Bf6 26. Nb5 Rc6 27. Rc3 Bd5
28. Rgc1 Ke7 29. Na7 Rxc3 30. Rxc3 Kd7 31. Bb5+ Ke7 32. Nc8+ Kf7 33. Nxb6 Be4
34. Rc7+ Kg8 35. Bc4 Re8 36. Rc8 Kf7 37. Rxe8 Kxe8 38. Bxe6 Bh4+ 39. Ke2 Bg2 40.
gxf5 Bxh3 41. Bd5 Bd8 42. Nc4 gxf5 43. Bxb7 h5 44. Bf3 h4 45. Ne5 Bf6 46. a4 Kd8
47. b4 Kc7 48. a5 Bg4 49. Nxg4 fxg4 50. Bxg4 Be7 51. b5 Bb4 52. a6 Kb6 53. Bd7
Bd6 54. Kf3 Bb8 55. e4 Kc7 56. Bh3 Ba7 57. d5 Kb6 58. Bf1 Kc5 59. Kg4 1-0

[Event "Euro Online U2300 Day 1"]
[Site "chess.com INT"]
[Date "2020.05.25"]
[Round "7"]
[White "Florez Rodriguez, Diego"]
[Black "Karaoglan, Doruk"]
[Result "1-0"]
[BlackTitle "CM"]
[WhiteElo "2110"]
[BlackElo "2230"]
[WhiteFideId "2291576"]
[BlackFideId "6390927"]
[EventDate "2020.05.25"]

1. d4 Nf6 2. c4 g6 3. Nc3 Bg7 4. e4 d6 5. f4 O-O 6. Nf3 c5 7. d5 e6 8. dxe6 Bxe6
9. Bd3 Bg4 10. O-O Nc6 11. Qe1 Bxf3 12. Rxf3 Nd4 13. Rh3 Nd7 14. Nd5 Nb6 15. Nc3
Re8 16. Qf2 Nc6 17. Be3 Nb4 18. Bf1 Nc6 19. Rd1 Nd4 20. Bd3 f5 21. Kh1 Qf6 22.
exf5 Nxf5 23. Bc1 Qe7 24. Ne4 Rad8 25. Ng5 h6 26. Nf3 d5 27. cxd5 c4 28. Bxf5
gxf5 29. Ne5 Nxd5 30. Re1 Nf6 31. Qc2 Ne4 32. Qxc4+ Kh7 33. Be3 Rc8 34. Qe2 Red8
35. Qf3 Rc2 36. g4 Qb4 37. Rg1 Nd2 38. Bxd2 Rdxd2 39. gxf5 Qxb2 40. Qg3 Rc7 41.
Qg6+ Kg8 42. f6 Qxa2 43. fxg7 Qd5+ 44. Nf3 Rxh2+ 45. Kxh2 1-0

[Event "Euro Online U2300 Day 1"]
[Site "chess.com INT"]
[Date "2020.05.25"]
[Round "7"]
[White "Bruessow, Jakob"]
[Black "Skalsky, Alexandr"]
[Result "0-1"]
[WhiteElo "1739"]
[BlackElo "2251"]
[WhiteFideId "1340522"]
[BlackFideId "381799"]
[EventDate "2020.05.25"]

1. e4 c5 2. Nf3 d6 3. d4 cxd4 4. Nxd4 Nf6 5. Nc3 Nc6 6. Bg5 e6 7. f4 Qb6 8. Nb3
Be7 9. Qf3 a6 10. O-O-O Qc7 11. g4 h6 12. Bxf6 Bxf6 13. h4 Be7 14. Bd3 b5 15. g5
Bb7 16. Qg3 hxg5 17. hxg5 O-O-O 18. g6 fxg6 19. Qxg6 Bf6 20. Ne2 Rxh1 21. Rxh1
Nb4 22. Kb1 Kb8 23. Ned4 Qd7 24. f5 exf5 25. Nxf5 Qe6 26. Re1 Qe5 27. Nbd4 Ka8
28. a3 Nc6 29. c3 Na5 30. Qg3 Nc4 31. Qxe5 dxe5 32. Bxc4 exd4 33. Bf7 dxc3 34.
b3 Rc8 35. Kc2 Rd8 36. e5 Bg5 37. e6 Bd2 38. Rd1 g6 39. e7 Be4# 0-1

[Event "Euro Online U2300 Day 1"]
[Site "chess.com INT"]
[Date "2020.05.25"]
[Round "7"]
[White "Mammadov, Sadig"]
[Black "Tsaknakis, Zisis"]
[Result "1-0"]
[WhiteTitle "FM"]
[WhiteElo "2237"]
[BlackElo "2217"]
[WhiteFideId "13408712"]
[BlackFideId "4259963"]
[EventDate "2020.05.25"]

1. d4 Nf6 2. c4 g6 3. g3 Bg7 4. Bg2 O-O 5. Nc3 d6 6. Nf3 Nbd7 7. O-O e5 8. e4
exd4 9. Nxd4 a6 10. h3 Re8 11. Re1 Rb8 12. b3 c5 13. Nde2 b5 14. cxb5 axb5 15.
Bb2 b4 16. Nd5 Nxd5 17. Bxg7 Kxg7 18. Qxd5 Nf6 19. Qd3 Ba6 20. Qxa6 Nxe4 21.
Bxe4 Rxe4 22. Nf4 Qe7 23. Rxe4 Qxe4 24. Qd3 Qxd3 25. Nxd3 g5 26. Nb2 Kf6 27. Rd1
Ke6 28. Nc4 d5 29. Re1+ Kf6 30. Ne5 Rb7 31. Ng4+ Kg6 32. Ne3 Rd7 33. Rd1 d4 34.
Nc4 Ra7 35. Rd2 Kf5 36. Kg2 Ke4 37. f3+ Kd5 38. Kf2 f5 39. Re2 d3 40. Rd2 Kd4
41. Ke1 Kc3 42. Kd1 Rxa2 43. Rxa2 Kxb3 44. Rb2+ Kxc4 45. Kd2 b3 46. Rb1 Kb4 47.
Kxd3 c4+ 48. Kd4 c3 49. Kd3 h5 50. Rh1 c2 51. Kd2 Kc4 52. f4 gxf4 53. gxf4 Kb4
54. Rf1 Ka3 55. Kc3 Ka2 56. h4 c1=Q+ 57. Rxc1 b2 58. Rg1 b1=Q 59. Rxb1 Kxb1 60.
Kd4 Kc2 61. Ke5 Kd3 62. Kxf5 Ke3 63. Kg5 Ke4 64. f5 Ke5 65. Kg6 1-0

[Event "Euro Online U2300 Day 1"]
[Site "chess.com INT"]
[Date "2020.05.25"]
[Round "7"]
[White "Pavlidou, Ekaterini"]
[Black "Pauly, Carlo"]
[Result "1-0"]
[WhiteTitle "WIM"]
[BlackTitle "FM"]
[WhiteElo "2170"]
[BlackElo "2277"]
[WhiteFideId "4213262"]
[BlackFideId "24673269"]
[EventDate "2020.05.25"]

1. d4 Nf6 2. c4 g6 3. Nc3 Bg7 4. e4 d6 5. Bd3 O-O 6. Nge2 c5 7. d5 e6 8. h3 exd5
9. cxd5 a6 10. a4 Re8 11. O-O Qc7 12. Bf4 Nbd7 13. Bc2 Rb8 14. a5 b5 15. axb6
Rxb6 16. Ra2 Ne5 17. b3 Rb4 18. f3 a5 19. Nc1 Nh5 20. Bxe5 Bxe5 21. N3e2 Ba6 22.
Bd3 Bd4+ 23. Kh1 Bxd3 24. Nxd3 Rb7 25. g4 Nf6 26. Qc2 Qb6 27. Rb1 h5 28. Kg2 Kg7
29. Ra4 Rbe7 30. Nxd4 cxd4 31. Nf2 hxg4 32. hxg4 Nd7 33. Qd2 Ne5 34. Rxd4 Rc7
35. Ra4 Rec8 36. Rh1 Rc2 37. Qh6+ Kf6 38. Qh4+ g5 39. Qg3 R8c3 40. Rh6+ Ke7 41.
Qxe5+ Kd7 42. Qf5+ Ke8 43. Rh8+ Ke7 44. Qxg5+ Kd7 45. Qh4 Re2 46. Rc4 Rxc4 47.
bxc4 a4 48. Rf8 Kc7 49. Qe7# 1-0

[Event "Euro Online U2300 Day 1"]
[Site "chess.com INT"]
[Date "2020.05.25"]
[Round "7"]
[White "Golubenko, Valentina"]
[Black "Prigodin, Ruslan"]
[Result "1-0"]
[WhiteTitle "WGM"]
[WhiteElo "2209"]
[BlackElo "2036"]
[WhiteFideId "4501993"]
[BlackFideId "12801550"]
[EventDate "2020.05.25"]

1. d4 d5 2. Nf3 Nf6 3. g3 g6 4. Bg2 Bg7 5. O-O O-O 6. c4 c6 7. Nc3 a5 8. Ne5
dxc4 9. Nxc4 Be6 10. Qd3 Nd5 11. a3 Nd7 12. e4 Nxc3 13. bxc3 Nb6 14. Ne3 a4 15.
f4 Bb3 16. f5 c5 17. Bb2 Rc8 18. d5 c4 19. Qe2 Nd7 20. fxg6 hxg6 21. Ng4 Ne5 22.
Nxe5 Bxe5 23. Rf3 Qb6+ 24. Kh1 Kg7 25. Raf1 f6 26. Bc1 g5 27. Bh3 Rcd8 28. Be6
Rh8 29. Bxg5 Rh7 30. Bf4 Rdh8 31. Bxe5 Rxh2+ 32. Qxh2 Rxh2+ 33. Kxh2 fxe5 34.
Rf7+ Kg6 35. Rxe7 Qd6 36. Rff7 Qxa3 37. Bf5+ Kh6 38. Re6+ Kg5 39. Rg6+ Kh5 40.
Rh7# 1-0

[Event "Euro Online U2300 Day 1"]
[Site "chess.com INT"]
[Date "2020.05.25"]
[Round "7"]
[White "Malynovskyi, Rostyslav"]
[Black "Flajsman, Pavel"]
[Result "1/2-1/2"]
[WhiteTitle "FM"]
[WhiteElo "2174"]
[BlackElo "2162"]
[WhiteFideId "14150883"]
[BlackFideId "391476"]
[EventDate "2020.05.25"]

1. d4 Nf6 2. c4 g6 3. Nc3 d5 4. cxd5 Nxd5 5. e4 Nxc3 6. bxc3 Bg7 7. Nf3 O-O 8.
Be3 c5 9. Qd2 Nc6 10. d5 Qa5 11. Rc1 Ne5 12. Nxe5 Bxe5 13. c4 Qc7 14. f4 Bg7 15.
Be2 e5 16. O-O Qd6 17. f5 Bd7 18. Rf3 gxf5 19. exf5 e4 20. Rg3 Bxf5 21. Rf1 Bg6
22. Bf4 Be5 23. h4 Bxf4 24. Rxf4 e3 25. Qxe3 Rae8 26. Qf3 Rxe2 27. h5 Rxa2 28.
Rf6 Ra1+ 29. Kh2 Qe5 30. hxg6 hxg6 31. Rf4 Kg7 32. Rh4 Qe1 33. Rgh3 Qh1+ 34. Kg3
Qe1+ 35. Kh2 Qe5+ 36. Rg3 Qf6 37. Rf4 Rh8+ 38. Rh3 Rxh3+ 39. Kxh3 Rh1+ 40. Kg3
Qg5+ 41. Rg4 Qe5+ 42. Qf4 Qe1+ 43. Qf2 Qxf2+ 44. Kxf2 Rc1 45. Ke2 Kf8 46. Re4
Ra1 47. d6 Ra2+ 48. Ke3 Ra3+ 49. Kd2 Ra2+ 50. Kc3 Ra3+ 51. Kc2 Ra2+ 52. Kc1 Ra1+
53. Kc2 Ra2+ 54. Kc3 Ra3+ 55. Kc2 Ra2+ 1/2-1/2

[Event "Euro Online U2300 Day 1"]
[Site "chess.com INT"]
[Date "2020.05.25"]
[Round "7"]
[White "Sahakyan, Arman K."]
[Black "Poghosyan, Suren"]
[Result "1-0"]
[BlackTitle "FM"]
[WhiteElo "1775"]
[BlackElo "2275"]
[WhiteFideId "13310992"]
[BlackFideId "13303201"]
[EventDate "2020.05.25"]

1. d4 Nf6 2. c4 c5 3. d5 b5 4. cxb5 a6 5. bxa6 Bxa6 6. Nc3 g6 7. Nf3 Bg7 8. e4
Bxf1 9. Kxf1 d6 10. g3 O-O 11. Kg2 Nbd7 12. a4 Ra6 13. Qe2 Qa8 14. Nd2 e6 15.
dxe6 fxe6 16. Nb5 Qc6 17. Rd1 d5 18. exd5 exd5 19. Nf3 d4 20. Nc7 Rxa4 21. Rxa4
Qxa4 22. Qe6+ Kh8 23. Re1 Qa7 24. Nb5 Qa8 25. Nd6 h6 26. Nf7+ Kh7 27. Nd6 Nb6
28. Ne4 Nbd5 29. Nxc5 Re8 30. Qa6 Qb8 31. Qb7 Qxb7 32. Nxb7 Rb8 33. Nc5 Rb4 34.
Ne6 d3 35. Nxg7 Kxg7 36. Rd1 Rc4 37. Ne5 Rc2 38. Nxd3 Ng4 39. Re1 h5 40. h3 Ngf6
41. Bg5 Nd7 42. b4 Rc3 43. Nf4 N7b6 44. Re6 Nxf4+ 45. Bxf4 Nd5 46. Be5+ Kf7 47.
Rd6 Rd3 48. b5 Nb4 49. Rxd3 Nxd3 50. Bd4 Ke6 51. b6 Nb4 52. Kf3 Nc6 53. Be3 Kd5
54. Kf4 Ne5 55. b7 Nd7 56. Ba7 1-0

[Event "Euro Online U2300 Day 1"]
[Site "chess.com INT"]
[Date "2020.05.25"]
[Round "7"]
[White "Volpinari, Danilo"]
[Black "Moran, Stephen"]
[Result "0-1"]
[WhiteTitle "FM"]
[WhiteElo "1952"]
[BlackElo "2195"]
[WhiteFideId "11800054"]
[BlackFideId "2501872"]
[EventDate "2020.05.25"]

1. d4 Nf6 2. Bg5 c5 3. e3 Qb6 4. Nc3 Qxb2 5. Nb5 Kd8 6. dxc5 a6 7. Rb1 Qxa2 8.
Nc3 Qa3 9. Qd4 Nc6 10. Qc4 e6 11. Ne4 Be7 12. Bxf6 gxf6 13. Rd1 Ne5 14. Qd4 Nc6
15. Qd3 Qa5+ 16. Qd2 Qxd2+ 17. Rxd2 b6 18. cxb6 d5 19. Nc3 Bb4 20. Nge2 Rb8 21.
Rd3 Ne5 22. Rd4 Nc6 23. Rxb4 Nxb4 24. Kd2 Rxb6 25. Nd4 e5 26. Nb3 Ke7 27. Be2
Be6 28. Ra1 Rc8 29. Bd3 f5 30. f3 h5 31. h4 Rbc6 32. Na4 Nxc2 33. Rc1 Nb4 34.
Rxc6 Rxc6 35. Nc3 Nxd3 36. Kxd3 Kd6 37. Kd2 Rc4 38. Nc1 Rxh4 39. Nd3 Rh2 40. Ne1
h4 41. Ne2 h3 42. Ng3 hxg2 0-1

[Event "Euro Online U2300 Day 1"]
[Site "chess.com INT"]
[Date "2020.05.25"]
[Round "7"]
[White "Kalinina, Larisa"]
[Black "Tsereteli, Kakhaber"]
[Result "0-1"]
[WhiteTitle "WIM"]
[WhiteElo "2131"]
[BlackElo "1990"]
[WhiteFideId "14106361"]
[BlackFideId "13604503"]
[EventDate "2020.05.25"]

1. e4 c5 2. Nf3 a6 3. c4 d6 4. Nc3 e5 5. g3 Nc6 6. Bg2 f5 7. d3 Nf6 8. O-O Be7
9. Nd5 O-O 10. a3 fxe4 11. Nxf6+ Bxf6 12. dxe4 Nd4 13. Nxd4 exd4 14. Qd3 Rb8 15.
b4 b5 16. bxc5 dxc5 17. Bf4 Be6 18. cxb5 Rxb5 19. e5 c4 20. Qe4 Be7 21. Rfd1 d3
22. a4 Rb2 23. Qc6 Qc8 24. Qe4 Bc5 25. Rf1 Re2 26. Qb7 Bd4 27. Rad1 Qc5 28. Qxa6
Bxf2+ 29. Kh1 Bd5 30. Qb5 Bxg2+ 31. Kxg2 Qd4 32. Kh3 Qe4 33. Qd7 Bd4 34. Qe6+
Kh8 35. Bg5 Qg2+ 36. Kg4 Re4+ 37. Rf4 Qe2+ 38. Kh3 Rexf4 39. gxf4 Qxd1 40. Qd6
Qf3+ 41. Kh4 Bf2# 0-1

[Event "Euro Online U2300 Day 1"]
[Site "chess.com INT"]
[Date "2020.05.25"]
[Round "7"]
[White "Unneland, Mathias"]
[Black "Brehovsky, Paul"]
[Result "1/2-1/2"]
[WhiteElo "2146"]
[BlackElo "2149"]
[WhiteFideId "1525581"]
[BlackFideId "1616463"]
[EventDate "2020.05.25"]

1. e4 e6 2. d4 d5 3. Nc3 Nf6 4. e5 Nfd7 5. f4 c5 6. Nf3 Nc6 7. Be3 a6 8. Qd2 Be7
9. a3 O-O 10. dxc5 Nxc5 11. O-O-O b5 12. b4 Nd7 13. Nd4 Bb7 14. Nxc6 Bxc6 15.
Ne2 Bb7 16. Nd4 a5 17. Nxb5 axb4 18. axb4 Ra2 19. Qc3 Qa8 20. Qb3 Rc8 21. Bd3
Ra4 22. Nd6 Bxd6 23. exd6 Ra3 24. Qb2 Qa4 25. Kd2 Ba6 26. b5 Ra2 27. Ra1 Rxb2
28. Rxa4 Bxb5 29. Bxb5 Rxb5 30. Rha1 h5 31. Ra8 Rxa8 32. Rxa8+ Kh7 33. Ra7 Nf6
34. d7 Rb8 35. Bd4 Kg6 36. h3 Rd8 37. Bxf6 Kxf6 38. g4 hxg4 39. hxg4 Ke7 40. Ke3
Rxd7 41. Ra4 Rc7 42. Kd3 Kf6 43. c3 g5 44. fxg5+ Kxg5 45. Rb4 Kf6 46. Rf4+ Kg5
47. Rb4 Kf6 48. Rf4+ Ke5 49. Rf3 f5 50. gxf5 exf5 51. Re3+ Kd6 52. Rf3 Ke5 53.
Re3+ Kf6 54. Kd4 f4 55. Rf3 Kf5 56. Kxd5 Kg4 57. Rf1 Rxc3 58. Ke4 Re3+ 59. Kd4
Re2 60. Kd3 f3 61. Rg1+ Kf4 62. Rg8 Re5 63. Rf8+ Kg3 64. Rg8+ Kf2 65. Rf8 Kg2
66. Rg8+ Kf1 67. Rf8 f2 68. Kd2 Re4 69. Rf7 Kg2 70. Rg7+ Kf3 71. Rf7+ Kg3 72.
Rg7+ Kf3 73. Rf7+ Rf4 74. Rxf4+ Kxf4 75. Ke2 Kg3 76. Kf1 Kf3 1/2-1/2

[Event "Euro Online U2300 Day 1"]
[Site "chess.com INT"]
[Date "2020.05.25"]
[Round "7"]
[White "Mravunac, Damir"]
[Black "Sjoberg, Isak"]
[Result "0-1"]
[WhiteElo "2132"]
[BlackElo "2189"]
[WhiteFideId "14502810"]
[BlackFideId "1521640"]
[EventDate "2020.05.25"]

1. f4 d5 2. b3 Bg4 3. Nf3 Nc6 4. Bb2 f6 5. d4 Nh6 6. h3 Bxf3 7. exf3 e5 8. Bb5
exf4 9. O-O Be7 10. Nc3 Nf5 11. Qd2 g5 12. Rae1 Qd6 13. Qd3 Ne3 14. Rf2 O-O-O
15. Bxc6 Qxc6 16. a3 h5 17. Nd1 Nxd1 18. Rxd1 Qd7 19. c4 g4 20. h4 dxc4 21. bxc4
f5 22. d5 Bc5 23. Bd4 g3 24. Re2 Bxd4+ 25. Qxd4 Kb8 26. Rde1 a6 27. Re6 Rhe8 28.
Qxf4 Rxe6 29. dxe6 Qxe6 30. Qxg3 Qxc4 31. Qg5 Rg8 32. Qxf5 Qd4+ 33. Kf1 Qc4+ 34.
Kg1 Qxh4 35. Qe6 Rd8 36. Qe4 Qg3 37. Rb1 b6 38. Qe3 Qg6 39. Rc1 Rg8 40. Qf2 Qg5
41. Rb1 Qg6 42. Rc1 Qd6 43. Qc2 h4 44. Qc4 Qg3 45. Kf1 h3 46. gxh3 Qxf3+ 47. Ke1
Rg1+ 48. Kd2 Rg2+ 49. Ke1 Qf2+ 50. Kd1 Qd2# 0-1

[Event "Euro Online U2300 Day 1"]
[Site "chess.com INT"]
[Date "2020.05.25"]
[Round "7"]
[White "Chaqryan, Erik"]
[Black "Abbasov, Amil1"]
[Result "1-0"]
[WhiteElo "2231"]
[BlackElo "2172"]
[WhiteFideId "13312340"]
[BlackFideId "13402277"]
[EventDate "2020.05.25"]

1. d4 Nf6 2. c4 c5 3. Nf3 cxd4 4. Nxd4 g6 5. Nc3 Bg7 6. e4 O-O 7. Be3 Nc6 8. Be2
b6 9. O-O Bb7 10. f3 e6 11. Ndb5 d5 12. cxd5 exd5 13. exd5 Nb4 14. d6 Nfd5 15.
Nxd5 Nxd5 16. Bd4 Qg5 17. Rf2 Nf4 18. Bxg7 Kxg7 19. Kh1 Nxe2 20. Qxe2 Ba6 21. a4
Rad8 22. Qd3 Rd7 23. Qd4+ Qf6 24. Qxf6+ Kxf6 25. Nc7 Bb7 26. Rd2 Rfd8 27. Rad1
Bc6 28. b3 Ke5 29. Re1+ Kf6 30. Ne8+ Kg5 31. Rd4 f5 32. h4+ Kh6 33. Kh2 Rf7 34.
Nc7 Bb7 35. Re7 Rf6 36. Ne6 Rxe6 37. Rxe6 Bc6 38. Re7 a5 39. Rc7 Be8 40. d7 Bf7
41. Rc8 Rxd7 42. Rxd7 1-0

[Event "Euro Online U2300 Day 1"]
[Site "chess.com INT"]
[Date "2020.05.25"]
[Round "7"]
[White "Oleynik, Alexander"]
[Black "Ivic, Velimir"]
[Result "0-1"]
[BlackTitle "GM"]
[WhiteElo "2249"]
[BlackElo "2548"]
[WhiteFideId "14110113"]
[BlackFideId "950122"]
[EventDate "2020.05.25"]

1. e4 c5 2. Nc3 Nc6 3. g3 g6 4. Bg2 Bg7 5. h4 h5 6. d3 e6 7. Nge2 Nge7 8. Be3
Nd4 9. Qd2 d6 10. O-O Rb8 11. a4 a6 12. f4 b5 13. axb5 axb5 14. Ra7 Nec6 15.
Raa1 O-O 16. Nd1 d5 17. exd5 exd5 18. Nf2 Re8 19. Nc3 Nxc2 20. Qxc2 Rxe3 21.
Nxd5 Rxg3 22. Qxc5 Nd4 23. Ne7+ Kh7 24. Ne4 Ne6 25. Qd6 Bb7 26. Qxd8 Rxd8 27.
Nxg3 Rxd3 28. Bxb7 Rxg3+ 29. Bg2 Bxb2 30. Rab1 Bd4+ 31. Kh2 Rg4 32. Bh3 Rxh4 33.
Kg3 g5 34. Nf5 Rxf4 35. Nxd4 Nxd4 36. Rxf4 Ne2+ 37. Kf2 Nxf4 38. Bf5+ Kg7 39.
Rxb5 Kf6 40. Be4 Ne6 41. Rb6 Ke5 42. Bb1 Nd4 43. Rh6 h4 44. Rh8 f5 45. Re8+ Kf4
46. Rd8 Ke5 47. Ba2 g4 48. Rd5+ Ke4 49. Rd8 h3 50. Bb1+ Ke5 51. Re8+ Kf4 52. Rd8
g3+ 53. Kf1 Nf3 54. Rg8 Nd2+ 55. Ke2 Nxb1 56. Rh8 Nc3+ 57. Kf1 g2+ 58. Kf2 Ne2
59. Rg8 g1=Q+ 60. Rxg1 Nxg1 61. Kxg1 Kg3 62. Kh1 f4 63. Kg1 Kg4 64. Kf2 f3 65.
Kg1 Kf4 66. Kf2 Ke4 67. Kg1 Ke3 68. Kh1 f2 69. Kh2 f1=Q 0-1